Europejskie państwa z literą C - Statystyki

Ogólne statystyki
  • Ten quiz został rozwiązany 523 razy
    485 od ostatniego zresetowania
  • Średni wynik to 10 z 13
Statystyki odpowiedzi
Kraj % Poprawnych
Czechy
96%
Chorwacja
89%
Czarnogóra
81%
Szwecja
80%
Grecja
77%
Francja
75%
Niemcy
75%
Słowacja
74%
Szwajcaria
71%
Macedonia Północna
68%
Bośnia i Hercegowina
65%
Włochy
64%
Liechtenstein
59%
Nie znaleziono quizów pasujących do podanych kryteriów
Rozkład punktacji
Procent ludzi z każdym wynikiem
Percentyl według liczby udzielonych odpowiedzi
Twoja historia wyników
Nie rozwiązałeś tego quizu od ostatniego zresetowania